00458nam a2200157Ia 4500008004100000020001800041041000800059082001700067100002600084245008900110260003700199300001600236365001200252650001800264650001800282210719s2009 xx 000 0 und d a81-316-0224-9 aeng a361.614 SHIF aSHIRWADKAR (Swati) Ed aFamily violence in India : human rights issues actions and international comparisons aJaipurbRawat Publicationsc2009 axii,484bHB b995cRs aPublic Action aPublic Action